| 000 | 00845nam a2200229Ii 4500 | ||
|---|---|---|---|
| 003 | JO-AjNU | ||
| 008 | 230605s9999||||xx |||||||||||||| ||und|| | ||
| 017 | _a2017/7/3558 | ||
| 020 | _a978-9957-686-07-9 | ||
| 040 |
_aJO-AjNU _bara _erda _cJO-AjNU |
||
| 041 | _aara | ||
| 050 | 1 | 4 | _aP99.4.P72.R37 2018 |
| 100 | 3 |
_aالرفبي، رضوان؛ إدريس مقبول تقديم, _eauthor _958625 |
|
| 245 | 0 | 0 | _aمن البلاغة إلى التداولية: دراسة تحليلية في البنية والتصور |
| 250 | _aط1 | ||
| 264 | 3 | 1 | _aإربد: عالم الكتب الحديث للنشر والتوزيع، 2018 |
| 300 | _a206ص | ||
| 336 |
_atext _btxt _2rdacontent |
||
| 337 |
_aunmediated _bn _2rdamedia |
||
| 338 |
_avolume _bnc _2rdacarrier |
||
| 650 | 4 |
_a اللغة العربية - بلاغة - تداولية _958626 |
|
| 999 |
_aA26336 _c29904 _d29904 |
||